| 000 | 00780cam a2200205 4500 | ||
|---|---|---|---|
| 001 | ABS68558 | ||
| 008 | 041214n2004 000 0 eng u | ||
| 035 | _a(Sirsi) u128297 | ||
| 100 | _aSlessenger, E. | ||
| 245 | _aLong and short of it | ||
| 260 | _c2004 | ||
| 490 |
_aEstates Gazette _v(0448) 27 November 2004, 127(1) |
||
| 520 | _aLooks at the legal and practical consequences of granting underleases for a term equal to the headlease. Underleases for the residue of the term of the headlease will operate as an assignment. The consequent problems and solutions will differ between registered and unregistered headleases. | ||
| 590 | _aABS | ||
| 590 | _aABS | ||
| 650 | _aUNDERLEASES | ||
| 650 | _aHEADLEASES | ||
| 690 | _aLANDLORD AND TENANT-LEASES | ||
| 942 | _n0 | ||
| 999 |
_c118443 _d118443 |
||